古裝穿搭研究室 : 超乎你想像的中國服飾史

資料類型: Book 圖書   書目號:53432

Leader xxxxxxxxxx
001 __ PCLIS00053432
005 __ 20210609133322.0
010 0_ |a978-957-13-7847-3|b平裝|dNT$380
042 __ |anbic
100 __ |a20191030d2019    m  y0chiy09      e
101 0_ |achi
102 __ |atw
105 __ |aa   z   000yy
200 1_ |a古裝穿搭研究室|e超乎你想像的中國服飾史|f龔元之著
205 __ |a初版
210 __ |a臺北市|c時報|d2019[民108]
215 0_ |a314面|c部分彩圖|d21公分
225 12 |aHistory|v042
517 1_ |a超乎你想像的中國服飾史|zchi
606 __ |2cst|a服飾
606 __ |2cst|a文化史
607 __ |2cst|a中國
681 __ |a538.182|b8256
700 _1 |a|b元之|4801 _0 |atw|bLibDipper|c20191030|gCCR
801 _1 |atw|b內湖高中|c20191105|gCCR
801 _2 |atw|b內湖高中|c20191105|gCCR
詳細館藏(共 1 筆)
索 書 號登 錄 號冊次號館別 / 館藏地流通類型狀態加入預約清單電子資源
538.182 / 8256 1026088  圖書館 / 二樓普通區 可外借30天 在館   

| 條列資料




目錄查詢 分類查詢 個人資料 圖書薦購 新書查詢 閉館日 排行榜 更多電子資源 Hami書城 線上資料庫 登出

From : 216.73.217.14

  本日流通累計至 20:18:14 借閱 : 0 次 續借 : 0 次 歸還 : 0 次 預約 : 0 次 電子資源 : 0 次


內湖高中圖書館  PCLIS 版本  25.5.0.2